Plus petits pays en Coupe du Monde de Football - Statistiques

Statistiques générales
  • Ce quiz a été pris 55 fois
    11 depuis la dernière actualisation
  • Le résultat moyen est 7 sur 20
Statistiques - réponses
Réponse % Correct
Cap-Vert
67%
Haïti
67%
Bosnie-Herzégovine
44%
Costa Rica
44%
Croatie
44%
Salvador
44%
Slovénie
44%
Suisse
44%
Jamaïque
33%
Koweït
33%
Qatar
33%
Trinité-et-Tobago
33%
Belgique
22%
Irlande du Nord
22%
Israël
22%
Pays-Bas
22%
Pays de Galles
22%
Slovaquie
22%
Danemark
11%
Cuaçao
0%
Aucun quiz correspondant
Distribution des résultats
% des personnes avec chaque résultat
Percentile par nombre de réponses
Votre historique - résultats
Vous n’avez pas pris ce quiz depuis la dernière actualisation